| 000 | 00793nam a22001337a 4500 | ||
|---|---|---|---|
| 040 | _cRUA | ||
| 082 | _aAVM SAM 2011 B092 Or.1 | ||
| 100 | _aSAM SOTHEA | ||
| 245 | _aProducttion comparison of proiler chicken by using (cp) concentrat feed at the experimental university of agriculture, (ប្រៀបធៀបផលិតកម្មមាន់សាច់ឈ្មោល និង ញីរបស់ក្រុមហ៊ុន ស៊ី ភី (CP) នៅស្ថានីយ៍ពិសោធន៍សត្វ នៃសាកលវិទ្យាល័យភូមិន្ទកសិកម្ម) | ||
| 260 |
_aphnom penh _brua _c2011 |
||
| 300 |
_ax, 43p. _bill. _c29cm. |
||
| 856 | _uhttps://drive.google.com/file/d/1Ar1Sm-hmSpMD-sCBMoxq8lgJ7LNqIYWu/view?usp=sharing | ||
| 942 | _cAVM | ||
| 999 |
_c2405 _d2405 |
||